[Event "COL-ch U16"]
[Site "Bogota"]
[Date "2014.06.01"]
[Round "6"]
[White "Castellanos Rodriguez, Camilo"]
[Black "Arismendi Polanco, Efrain Steven"]
[Result "1-0"]
[WhiteElo "1846"]
[BlackElo "1855"]
[PlyCount "57"]
[EventDate "2014.05.29"]
[EventType "swiss"]
[EventRounds "7"]
[EventCountry "COL"]
[SourceTitle "CBM 160 Extra"]
[Source "ChessBase"]
[SourceDate "2014.07.01"]
[SourceVersion "1"]
[SourceVersionDate "2014.07.01"]
[SourceQuality "1"]

1. e4 c5 2. Nf3 d6 3. d4 cxd4 4. Nxd4 Nf6 5. Nc3 g6 6. Be3 Bg7 7. Qd2 0-0 8. f3 Nc6 9. 0-0-0 Bd7 10. Bc4 Qb8 11. h4 Rc8 12. Bb3 a5 13. Nd5 Nxd5 14. exd5 Ne5 15. a3 Nc4 16. Bxc4 Rxc4 17. b3 Rc7 18. h5 Qc8 19. g4 a4 20. b4 Rc3 21. Kb2 Rxe3 22. Qxe3 Qc4 23. Kb1 Rc8 24. Rh2 Qxd5 25. Rhd2 Qc4 26. Qd3 Qc7 27. Rh1 Qb6 28. Qe3 e5 29. Nf5 1-0

[Event "COL-ch U16"]
[Site "Bogota"]
[Date "2014.05.31"]
[Round "4"]
[White "Agudelo, Pedro Luis"]
[Black "Castellanos Rodriguez, Camilo"]
[Result "1-0"]
[WhiteElo "1805"]
[BlackElo "1846"]
[PlyCount "81"]
[EventDate "2014.05.29"]
[EventType "swiss"]
[EventRounds "7"]
[EventCountry "COL"]
[SourceTitle "CBM 160 Extra"]
[Source "ChessBase"]
[SourceDate "2014.07.01"]
[SourceVersion "1"]
[SourceVersionDate "2014.07.01"]
[SourceQuality "1"]

1. e4 e5 2. Nf3 Nc6 3. Bb5 f5 4. d3 fxe4 5. dxe4 Nf6 6. 0-0 Bc5 7. Bxc6 bxc6 8. Nxe5 0-0 9. Bg5 h6 10. Bxf6 Qxf6 11. Nd3 Bb6 12. Nd2 Ba6 13. Nf3 d6 14. a4 Rae8 15. a5 Bc5 16. Nxc5 Bxf1 17. Nd7 Qxb2 18. Nxf8 Be2 19. Qd4 Qb5 20. Ng6 Bxf3 21. gxf3 Qg5+ 22. Kf1 Qxg6 23. Qxa7 Qf6 24. Ra3 Qb2 25. Re3 Qxc2 26. Qxc7 Qd1+ 27. Kg2 Qa4 28. f4 Qc4 29. Kf3 d5 30. e5 Rf8 31. e6 g5 32. e7 Rxf4+ 33. Kg2 Rg4+ 34. Qg3 Rxg3+ 35. hxg3 d4 36. e8Q+ Kg7 37. Re7+ Kf6 38. Qf8+ Kg6 39. Rg7+ Kh5 40. Qf3+ g4 41. Qxg4# 1-0

[Event "COL-ch U16"]
[Site "Bogota"]
[Date "2014.05.30"]
[Round "3"]
[White "Llano Buritica, Eduardo Alejandro"]
[Black "Castellanos Rodriguez, Camilo"]
[Result "1-0"]
[WhiteElo "1701"]
[BlackElo "1846"]
[PlyCount "113"]
[EventDate "2014.05.29"]
[EventType "swiss"]
[EventRounds "7"]
[EventCountry "COL"]
[SourceTitle "CBM 160 Extra"]
[Source "ChessBase"]
[SourceDate "2014.07.01"]
[SourceVersion "1"]
[SourceVersionDate "2014.07.01"]
[SourceQuality "1"]

1. e4 e5 2. Nf3 Nc6 3. Bc4 Bc5 4. b4 Bxb4 5. c3 Be7 6. d4 exd4 7. Qb3 Na5 8. Bxf7+ Kf8 9. Qa4 Kxf7 10. Qxa5 d6 11. 0-0 h6 12. e5 d5 13. e6+ Bxe6 14. Ne5+ Kf6 15. cxd4 Bd6 16. Re1 Bxe5 17. Rxe5 Kf7 18. Qe1 Qd7 19. Ba3 Nf6 20. Nc3 Rhe8 21. Qd2 Kg8 22. Rae1 a5 23. Qb2 Rab8 24. Qb5 Qc6 25. Qxc6 bxc6 26. Rxe6 Rxe6 27. Rxe6 Ne4 28. Ne2 Rb1+ 29. Nc1 Nc3 30. Re1 Nxa2 31. Kf1 Nc3 32. Ne2 Rb3 33. Nxc3 Rxa3 34. Rc1 Rb3 35. Ke2 Rb2+ 36. Ke3 Kf7 37. Rb1 Rc2 38. Ne2 Ke7 39. Ra1 Kd6 40. Rxa5 Rb2 41. Nc3 Rb3 42. Kd3 Rb2 43. Ra2 Rb3 44. Ra8 c5 45. dxc5+ Kxc5 46. Ra5+ Kc6 47. Kc2 Rb4 48. Rxd5 Rc4 49. Rf5 Rg4 50. g3 Rg6 51. h4 Kb6 52. h5 Rg4 53. Kd3 c6 54. Ne4 g6 55. hxg6 Rxg6 56. Rf6 Rxf6 57. Nxf6 1-0

[Event "Bogota Verano op"]
[Site "Bogota"]
[Date "2013.08.18"]
[Round "5"]
[White "Castellanos Rodriguez, Camilo"]
[Black "Cuellar, Jose Gabriel"]
[Result "1-0"]
[WhiteElo "1841"]
[BlackElo "1731"]
[PlyCount "65"]
[EventDate "2013.08.16"]
[EventType "swiss"]
[EventRounds "7"]
[EventCountry "COL"]
[SourceTitle "CBM 156 Extra"]
[Source "ChessBase"]
[SourceDate "2013.10.22"]
[SourceVersion "1"]
[SourceVersionDate "2013.10.22"]
[SourceQuality "1"]

1. e4 e5 2. Nf3 d6 3. d4 exd4 4. Nxd4 Nf6 5. Nc3 Be7 6. Bc4 Nbd7 7. 0-0 0-0 8. Nf5 Re8 9. Re1 Bf8 10. Bb3 Nc5 11. Bg5 h6 12. Bh4 g5 13. Bg3 Bxf5 14. exf5 Rxe1+ 15. Qxe1 Qd7 16. Qe3 Qxf5 17. Nb5 Nxb3 18. Qxb3 Qd7 19. h4 c6 20. hxg5 hxg5 21. Nd4 d5 22. Qe3 Bh6 23. Qf3 Ne4 24. Nf5 Kh7 25. Qg4 Nxg3 26. fxg3 Qe6 27. Rf1 Rh8 28. Nxh6 Qe3+ 29. Kh2 Kxh6 30. Qh3+ Kg7 31. Rxf7+ Kxf7 32. Qxh8 g4 33. Qh5+ 1-0

[Event "Bogota IRT op 08"]
[Site "Bogota"]
[Date "2012.08.19"]
[Round "4"]
[White "Castellanos Rodriguez, Camilo"]
[Black "Hurtado, Juan Eduardo"]
[Result "1/2-1/2"]
[WhiteElo "1902"]
[BlackElo "1643"]
[PlyCount "52"]
[EventDate "2012.08.17"]
[EventType "swiss"]
[EventRounds "7"]
[EventCountry "COL"]
[SourceTitle "EXT 2013"]
[Source "ChessBase"]
[SourceDate "2012.11.22"]
[SourceVersion "1"]
[SourceVersionDate "2012.11.22"]
[SourceQuality "1"]

1. e4 e5 2. Nf3 Nf6 3. d4 exd4 4. Qxd4 Nc6 5. Qe3 Be7 6. Nc3 Nb4 7. Bd3 d6 8. 0-0 0-0 9. a3 Nxd3 10. cxd3 Bg4 11. h3 Bxf3 12. Qxf3 Nd7 13. Be3 Ne5 14. Qe2 c6 15. f4 Ng6 16. d4 Re8 17. f5 Nf8 18. g4 Bg5 19. Qf3 Bxe3+ 20. Qxe3 Nd7 21. b4 f6 22. Rae1 Qb6 23. d5 Qxe3+ 24. Rxe3 Ne5 25. dxc6 bxc6 26. Rd1 Nc4 1/2-1/2

[Event "Bogota IRT op 06"]
[Site "Bogota"]
[Date "2012.06.10"]
[Round "5"]
[White "Duarte Ariza, Andres Javier"]
[Black "Castellanos Rodriguez, Camilo"]
[Result "1/2-1/2"]
[WhiteElo "1781"]
[BlackElo "1949"]
[PlyCount "61"]
[EventDate "2012.06.08"]
[EventType "swiss"]
[EventRounds "7"]
[EventCountry "COL"]
[SourceTitle "CBM 148 Extra"]
[Source "ChessBase"]
[SourceDate "2012.06.22"]
[SourceVersion "1"]
[SourceVersionDate "2012.06.22"]
[SourceQuality "1"]

1. d4 Nf6 2. Nf3 d5 3. e3 e6 4. c4 c6 5. Nc3 Bb4 6. Bd2 Nbd7 7. Bd3 0-0 8. a3 Be7 9. c5 b6 10. b4 bxc5 11. bxc5 Rb8 12. 0-0 Qc7 13. Rb1 e5 14. Be2 e4 15. Ng5 Ne8 16. Nh3 Ndf6 17. Nf4 g6 18. Rxb8 Qxb8 19. Qb1 Qc7 20. g3 Ng7 21. Qb4 Ne6 22. Rb1 Nxf4 23. exf4 Bd8 24. Qb8 Nd7 25. Qxc7 Bxc7 26. Nd1 Nb8 27. Ne3 Ba6 28. Bxa6 Nxa6 29. Ng4 f5 30. Ne5 Bxe5 31. fxe5 1/2-1/2

[Event "Bogota IRT op 06"]
[Site "Bogota"]
[Date "2012.06.09"]
[Round "3"]
[White "Ortegon Villacorte, Linda Daniela"]
[Black "Castellanos Rodriguez, Camilo"]
[Result "1-0"]
[WhiteElo "1800"]
[BlackElo "1949"]
[PlyCount "20"]
[EventDate "2012.06.08"]
[EventType "swiss"]
[EventRounds "7"]
[EventCountry "COL"]
[SourceTitle "CBM 148 Extra"]
[Source "ChessBase"]
[SourceDate "2012.06.22"]
[SourceVersion "1"]
[SourceVersionDate "2012.06.22"]
[SourceQuality "1"]

1. e4 c5 2. Nc3 e6 3. Bc4 a6 4. a4 Ne7 5. d3 Ng6 6. f4 Nc6 7. Nf3 Be7 8. 0-0 0-0 9. Qe1 Qc7 10. f5 Nge5 1-0

[Event "Bogota IRT op 06"]
[Site "Bogota"]
[Date "2012.06.08"]
[Round "1"]
[White "Bautista, Miguel Fernando"]
[Black "Castellanos Rodriguez, Camilo"]
[Result "0-1"]
[WhiteElo "1631"]
[BlackElo "1949"]
[PlyCount "48"]
[EventDate "2012.06.08"]
[EventType "swiss"]
[EventRounds "7"]
[EventCountry "COL"]
[SourceTitle "CBM 148 Extra"]
[Source "ChessBase"]
[SourceDate "2012.06.22"]
[SourceVersion "1"]
[SourceVersionDate "2012.06.22"]
[SourceQuality "1"]

1. e4 c5 2. d4 cxd4 3. c3 dxc3 4. Nxc3 Nc6 5. Nf3 a6 6. Bc4 e6 7. 0-0 Bb4 8. Qe2 b5 9. Bb3 d6 10. Rd1 Nge7 11. Bf4 0-0 12. a3 Bc5 13. Bxd6 Bxd6 14. e5 Bb7 15. Rxd6 Qc7 16. Bc2 Rad8 17. Rad1 b4 18. Ne4 Nd5 19. Nfg5 h6 20. Qh5 Nxe5 21. Rxd8 Rxd8 22. Bb1 Nf4 23. Nf6+ gxf6 24. Bh7+ Kg7 0-1